[Event "34th Zalakaros Open 2015"]
[Site "Zalakaros HUN"]
[Date "2015.05.17"]
[Round "4.33"]
[White "Paszewski, Mateusz"]
[Black "Kaczur, Florian"]
[Result "1-0"]
[WhiteElo "2200"]
[BlackElo "2336"]
[WhiteFideId "1141058"]
[BlackFideId "705098"]
[EventDate "2015.05.14"]
[EventType "swiss"]

1. c4 c5 2. g3 Nc6 3. Bg2 e5 4. Nc3 g6 5. Nf3 Bg7 6. O-O Nge7 7. a3 O-O 8. Ne1
d6 9. Nc2 Be6 10. Ne3 Qd7 11. Rb1 Bh3 12. b4 Bxg2 13. Kxg2 f5 14. b5 Nd4 15.
Ned5 Nxd5 16. Nxd5 f4 17. f3 fxg3 18. hxg3 e4 19. f4 h5 20. Bb2 Nf5 21. Bxg7
Qxg7 22. e3 Nh6 23. a4 Rae8 24. a5 Qd7 25. a6 b6 26. Rh1 Kg7 27. Qc2 Kg8 28.
Rbg1 Rf5 29. Qb2 Rxd5 30. cxd5 Qg4 31. Qf6 Nf5 32. Qg5 Qxg5 33. fxg5 Re5 34. Kf2
Rxd5 35. Ke2 c4 36. g4 hxg4 37. Rxg4 Rxb5 38. Rh3 Re5 39. Rg1 Ng7 40. Rh6 Nf5
41. Rxg6+ Kf7 42. Rf6+ Kg7 43. Rg4 c3 44. dxc3 Ra5 45. Rxf5 Rxf5 46. Rxe4 Rxg5
47. Re7+ Kg8 48. Rxa7 Ra5 49. Kd3 d5 50. Kd4 Ra3 51. Kxd5 Rxc3 52. Rb7 1-0

[Event "34th Zalakaros Open 2015"]
[Site "Zalakaros HUN"]
[Date "2015.05.17"]
[Round "4.34"]
[White "Marosi, Levente"]
[Black "Baskin, Robert"]
[Result "0-1"]
[WhiteTitle "FM"]
[BlackTitle "FM"]
[WhiteElo "2153"]
[BlackElo "2333"]
[WhiteFideId "747181"]
[BlackFideId "24662402"]
[EventDate "2015.05.14"]
[EventType "swiss"]

1. e4 e6 2. d4 d5 3. Nc3 Nf6 4. Bg5 dxe4 5. Nxe4 Be7 6. Bxf6 gxf6 7. Nf3 f5 8.
Ned2 c5 9. dxc5 Bxc5 10. Bb5+ Bd7 11. Qe2 Bxf2+ 12. Qxf2 Bxb5 13. O-O-O Nd7 14.
Rhe1 Qa5 15. Nb3 Qb6 16. Qh4 Bc6 17. Nfd4 Be4 18. Nd2 Qd8 19. Qg3 Qb8 20. Qc3
Qe5 21. Kb1 O-O 22. Nc4 Qf6 23. Qg3+ Kh8 24. Nd6 Nc5 25. Qf2 Bd5 26. Nxe6 fxe6
27. Qxc5 Bxg2 28. Rg1 Bc6 29. Qf2 f4 30. Rg4 e5 31. Nc4 e4 32. Rf1 Rad8 33. a3
e3 34. Qe2 Qd4 35. Rh4 f3 36. Qe1 f2 0-1

[Event "34th Zalakaros Open 2015"]
[Site "Zalakaros HUN"]
[Date "2015.05.17"]
[Round "4.35"]
[White "Juhasz, Armin"]
[Black "Sagar, Shah"]
[Result "0-1"]
[WhiteTitle "FM"]
[BlackTitle "IM"]
[WhiteElo "2303"]
[BlackElo "2436"]
[WhiteFideId "724270"]
[BlackFideId "5022509"]
[EventDate "2015.05.14"]
[EventType "swiss"]

1. Nf3 d6 2. d4 Bg4 3. c4 Nd7 4. Qb3 Rb8 5. g3 e5 6. dxe5 dxe5 7. Bg2 c6 8. O-O
Qc7 9. Be3 Ra8 10. Nc3 Ngf6 11. Qc2 Be7 12. Nh4 g6 13. Bh6 Be6 14. Bg7 Rg8 15.
Bxf6 Bxf6 16. b3 Kf8 17. Nf3 h6 18. Rac1 Kg7 19. Nd2 Nb6 20. Qb2 Rgd8 21. Nce4
Be7 22. Rfd1 f5 23. Nc3 Bg5 24. e3 Bf6 25. e4 Qe7 26. Nf3 Kh7 27. Re1 Qg7 28.
Qc2 Kh8 29. Qe2 f4 30. gxf4 exf4 31. e5 Be7 32. Ne4 Bg4 33. Qb2 Nd7 34. Ned2 Nc5
35. Bf1 Nd3 36. Bxd3 Rxd3 37. Rc3 Rad8 38. Qc2 Bf5 39. Rxd3 Rxd3 40. Qb2 Bb4 41.
Kg2 Bc3 42. Qa3 Bxd2 43. Nxd2 Rxd2 44. Qxa7 Qe7 45. h4 Be6 46. Qa5 Rd7 47. Rh1
Qf7 48. Qc3 Qf5 49. f3 Qd3 50. Qxd3 Rxd3 0-1

[Event "34th Zalakaros Open 2015"]
[Site "Zalakaros HUN"]
[Date "2015.05.17"]
[Round "4.36"]
[White "Papp, Petra"]
[Black "Dragnev, Valentin"]
[Result "0-1"]
[WhiteTitle "WGM"]
[BlackTitle "FM"]
[WhiteElo "2297"]
[BlackElo "2385"]
[WhiteFideId "739049"]
[BlackFideId "1634852"]
[EventDate "2015.05.14"]
[EventType "swiss"]

1. e4 c5 2. Nf3 e6 3. d4 cxd4 4. Nxd4 Nc6 5. Nc3 Qc7 6. f4 a6 7. Nxc6 Qxc6 8.
Bd3 b5 9. Qe2 Bb7 10. Bd2 Bc5 11. O-O-O Ne7 12. a3 O-O 13. Qh5 f5 14. g4 Rae8
15. Rhe1 g6 16. Qg5 d5 17. exf5 exf5 18. gxf5 Nxf5 19. Rxe8 Qxe8 20. Re1 Qf7 21.
Re5 Nd4 22. Qg2 Bd6 23. Re1 Bxf4 24. Bxf4 Qxf4+ 25. Kb1 Nf3 26. Re7 Rf7 27. Re6
d4 28. Ne4 Kg7 29. b3 Qf5 30. Re8 Qd7 31. Rb8 Bd5 32. Kb2 Qc6 33. Ng5 Qc3+ 34.
Ka2 Rc7 35. Ne6+ Bxe6 36. Qxf3 Bf7 37. Qe2 Qc5 38. h4 Re7 39. Qg2 Qc3 40. Rb7
Re1 41. Rxf7+ Kxf7 42. Qb7+ Kf8 43. Qb8+ Kg7 44. Qb7+ Kh6 0-1

[Event "34th Zalakaros Open 2015"]
[Site "Zalakaros HUN"]
[Date "2015.05.17"]
[Round "4.37"]
[White "Banas, Jan"]
[Black "Gara, Anita"]
[Result "1/2-1/2"]
[WhiteTitle "IM"]
[BlackTitle "IM"]
[WhiteElo "2281"]
[BlackElo "2325"]
[WhiteFideId "14900076"]
[BlackFideId "709751"]
[EventDate "2015.05.14"]
[EventType "swiss"]

1. e4 d6 2. d4 Nf6 3. Nc3 Nbd7 4. g3 e5 5. Nge2 c6 6. a4 Be7 7. Bg2 O-O 8. O-O
Qc7 9. h3 Re8 10. Be3 Bf8 11. g4 h6 12. Ng3 Nh7 13. f4 exf4 14. Bxf4 Ndf6 15.
Qd2 Be6 16. Rf2 Rad8 17. Raf1 Qa5 18. d5 Bd7 19. dxc6 Bxc6 20. b3 d5 21. Nxd5
Qa6 22. c4 Bc5 23. Kh2 Bxf2 24. Rxf2 Nxd5 25. exd5 Bd7 26. Qd4 Qf6 27. Qxa7 Qh4
28. Nf5 Bxf5 29. Bg3 Qe7 30. Rxf5 Qb4 31. d6 Re2 32. Rb5 Qd2 33. Qxb7 Rxd6 34.
Qa8+ Rd8 35. Qxd8+ Qxd8 36. Rb8 Qxb8 37. Bxb8 Rb2 38. a5 Rxb3 39. Bd6 Rb2 40. c5
Ng5 41. c6 Ne6 42. a6 Ra2 43. c7 Nxc7 44. Bxc7 1/2-1/2

[Event "34th Zalakaros Open 2015"]
[Site "Zalakaros HUN"]
[Date "2015.05.17"]
[Round "4.38"]
[White "Gulamali, Kazim"]
[Black "Vegh, Endre"]
[Result "1-0"]
[WhiteTitle "FM"]
[BlackTitle "IM"]
[WhiteElo "2309"]
[BlackElo "2272"]
[WhiteFideId "2024764"]
[BlackFideId "700568"]
[EventDate "2015.05.14"]
[EventType "swiss"]

1. e4 d6 2. d4 Nf6 3. Nc3 c6 4. Nf3 Bg4 5. h3 Bh5 6. Qe2 e6 7. g4 Bg6 8. g5 Nfd7
9. Nh4 e5 10. dxe5 dxe5 11. Bd2 Bb4 12. Qg4 Qb6 13. Nf5 O-O 14. a3 Bc5 15. O-O-O
Bxf5 16. exf5 Bxf2 17. Ne4 Be3 18. Bc4 Kh8 19. Nd6 Na6 20. f6 Bxd2+ 21. Rxd2
Nac5 22. Nxf7+ Rxf7 23. Bxf7 gxf6 24. g6 1-0

[Event "34th Zalakaros Open 2015"]
[Site "Zalakaros HUN"]
[Date "2015.05.17"]
[Round "4.39"]
[White "Boguszlavszkij, Jevgenyij"]
[Black "Rigo, Janos"]
[Result "0-1"]
[WhiteTitle "IM"]
[BlackTitle "IM"]
[WhiteElo "2216"]
[BlackElo "2264"]
[WhiteFideId "700614"]
[BlackFideId "700371"]
[EventDate "2015.05.14"]
[EventType "swiss"]

1. e4 c5 2. Nc3 Nc6 3. g3 g6 4. Bg2 Bg7 5. f4 d6 6. Nf3 Nf6 7. d3 O-O 8. O-O Rb8
9. h3 b5 10. g4 a5 11. f5 b4 12. Ne2 a4 13. Rb1 c4 14. b3 axb3 15. axb3 cxd3 16.
cxd3 Qb6+ 17. Kh1 Ba6 18. Nf4 Qb5 19. Re1 Ne5 20. g5 Nfd7 21. d4 Nd3 22. Nxd3
Qxd3 23. Rb2 Qxd1 24. Rxd1 Rfc8 25. Bf4 Rb6 26. Rc1 Rxc1+ 27. Bxc1 Bb7 28. Re2
Rc6 29. Bd2 Rc2 30. fxg6 hxg6 31. Re1 Rb2 32. Bxb4 Rxb3 33. Ba5 Nb8 34. d5 Nd7
35. Nd2 Rb5 36. Rb1 Ba6 37. Rxb5 Bxb5 38. Bf3 Be5 39. Kg2 Nc5 40. Bd1 Bf4 41.
Kf3 Bxg5 42. Bc2 Bd7 43. Kg2 Kg7 44. Nf3 Be3 45. Bc3+ f6 46. Nd4 Kf7 47. Ne2 Bb5
48. Kf3 Bg5 49. Be1 Nd3 50. Bg3 Nc5 51. Nd4 Bd7 52. h4 Bd2 53. Nb3 Nxb3 54. Bxb3
Kg7 55. Ke2 Bc3 56. Kd3 Be5 57. Be1 Kh6 58. Bd1 Bf4 59. Ba5 f5 60. exf5 Bxf5+
61. Kc4 Kg7 62. Bc3+ Kf7 63. Bf3 Bg3 64. h5 g5 65. h6 Kg6 66. Bg7 g4 67. Bg2 Be5
68. Bxe5 dxe5 69. Kc3 Kxh6 70. Kd2 Kg5 71. Ke3 Kh4 72. Kf2 Bc2 73. Bf1 Be4 74.
Bc4 g3+ 75. Kg1 Kg4 0-1

[Event "34th Zalakaros Open 2015"]
[Site "Zalakaros HUN"]
[Date "2015.05.17"]
[Round "4.40"]
[White "Csati, Oliver"]
[Black "Nemeth, Zoltan"]
[Result "0-1"]
[BlackTitle "IM"]
[WhiteElo "2189"]
[BlackElo "2306"]
[WhiteFideId "702170"]
[BlackFideId "700657"]
[EventDate "2015.05.14"]
[EventType "swiss"]

1. d4 Nf6 2. c4 e6 3. Nf3 b6 4. g3 Ba6 5. b3 Bb4+ 6. Bd2 Be7 7. Bg2 Bb7 8. O-O
O-O 9. Nc3 Ne4 10. Nxe4 Bxe4 11. Bf4 d6 12. h4 Nd7 13. Re1 Bf6 14. Bg5 Re8 15.
Qd2 h6 16. Bxf6 Qxf6 17. Ne5 dxe5 18. Bxe4 Rad8 19. dxe5 Nxe5 20. Qc3 Rd4 21.
Qc2 Red8 22. Rad1 Ng4 23. Bf3 Ne5 24. Be4 Qe7 25. Rxd4 Rxd4 26. Rd1 Qd6 27. Rxd4
Qxd4 28. e3 Qd6 29. Kf1 f5 30. Bg2 Qd3+ 31. Qxd3 Nxd3 32. a3 a5 33. Bf3 Kf7 34.
Bd1 Kf6 35. Bc2 Nc5 36. Ke2 g5 37. hxg5+ hxg5 38. f3 e5 39. e4 f4 40. g4 Ke7 41.
Kd2 Kd6 42. Kc3 Ne6 43. Bd1 Kc6 44. b4 Nd4 45. bxa5 bxa5 46. Kd3 Kc5 47. Kc3 Nc6
48. Ba4 Nd8 49. Bc2 Nb7 50. Bd1 Nd6 51. Be2 Nc8 52. Bd1 Nb6 53. Be2 Nd7 54. Bd1
Nf8 55. Be2 Ng6 56. Bd1 Nh4 57. Be2 Ng2 58. Kd3 Ne3 59. Kc3 a4 60. Bd3 Nd1+ 61.
Kd2 Kd4 62. Bc2 Ne3 63. Bxa4 Nxc4+ 64. Ke2 Kc3 0-1

[Event "34th Zalakaros Open 2015"]
[Site "Zalakaros HUN"]
[Date "2015.05.18"]
[Round "5.1"]
[White "Ragger, Markus"]
[Black "Boruchovsky, Avital"]
[Result "1/2-1/2"]
[WhiteTitle "GM"]
[BlackTitle "GM"]
[WhiteElo "2668"]
[BlackElo "2517"]
[WhiteFideId "1610856"]
[BlackFideId "2800055"]
[EventDate "2015.05.14"]
[EventType "swiss"]

1. d4 Nf6 2. c4 e6 3. Nf3 d5 4. Nc3 Bb4 5. Bg5 h6 6. Bxf6 Qxf6 7. Qa4+ Nc6 8. e3
O-O 9. Be2 Bd7 10. Qb3 dxc4 11. Qxc4 Qe7 12. O-O Na5 13. Qxc7 Rac8 14. Qe5 Bxc3
15. bxc3 Qa3 16. Rac1 Rxc3 17. Rxc3 Qxc3 18. d5 Qxe5 19. Nxe5 Rd8 20. Bh5 g6 21.
Nxd7 exd5 22. Bg4 f5 23. Bxf5 gxf5 24. Ne5 Nc4 1/2-1/2

[Event "34th Zalakaros Open 2015"]
[Site "Zalakaros HUN"]
[Date "2015.05.18"]
[Round "5.2"]
[White "Berkes, Ferenc"]
[Black "Papp, Gabor1"]
[Result "1/2-1/2"]
[WhiteTitle "GM"]
[BlackTitle "GM"]
[WhiteElo "2664"]
[BlackElo "2594"]
[WhiteFideId "718572"]
[BlackFideId "718602"]
[EventDate "2015.05.14"]
[EventType "swiss"]

1. d4 Nf6 2. c4 e6 3. Nc3 Bb4 4. g3 d5 5. Bg2 O-O 6. a3 Bxc3+ 7. bxc3 dxc4 8.
Nf3 Nbd7 9. O-O Rb8 10. Qc2 b5 11. a4 a6 12. axb5 axb5 13. Ba3 Re8 14. Ne5 Nxe5
15. dxe5 Nd5 16. Rfd1 Bd7 17. Bxd5 exd5 18. Rxd5 1/2-1/2

[Event "34th Zalakaros Open 2015"]
[Site "Zalakaros HUN"]
[Date "2015.05.18"]
[Round "5.3"]
[White "Efimenko, Zahar"]
[Black "Vajda, Levente"]
[Result "1-0"]
[WhiteTitle "GM"]
[BlackTitle "GM"]
[WhiteElo "2656"]
[BlackElo "2554"]
[WhiteFideId "14107201"]
[BlackFideId "1203975"]
[EventDate "2015.05.14"]
[EventType "swiss"]

1. e4 e5 2. Nf3 Nc6 3. Bb5 a6 4. Ba4 Nf6 5. d3 d6 6. c3 Be7 7. O-O O-O 8. Nbd2
Bg4 9. h3 Bh5 10. Re1 Nd7 11. Nf1 Bxf3 12. Qxf3 Bg5 13. Be3 Bxe3 14. Nxe3 Qf6
15. Qg3 Nc5 16. Bxc6 bxc6 17. Rad1 h5 18. Nf5 Rfe8 19. f4 exf4 20. Qxf4 Rab8 21.
b3 Qxc3 22. d4 Ne6 23. Qh4 g6 24. Re3 Qb2 25. Rg3 Kh7 26. Qf6 Rf8 27. Kh2 Qf2
28. Rdd3 gxf5 29. Rdf3 Qxd4 30. Rg7+ Nxg7 31. Qxd4 Ne6 32. Qd3 f4 33. e5+ Kg7
34. exd6 cxd6 35. Qxd6 Rbc8 36. b4 Rfd8 37. Qe5+ Kg6 38. Ra3 Rd4 39. Ra5 Rxb4
40. Qxh5+ Kg7 41. Rg5+ 1-0

[Event "34th Zalakaros Open 2015"]
[Site "Zalakaros HUN"]
[Date "2015.05.18"]
[Round "5.4"]
[White "Medvegy, Zoltan"]
[Black "Adhiban, Baskaran"]
[Result "1/2-1/2"]
[WhiteTitle "GM"]
[BlackTitle "GM"]
[WhiteElo "2535"]
[BlackElo "2636"]
[WhiteFideId "708402"]
[BlackFideId "5018471"]
[EventDate "2015.05.14"]
[EventType "swiss"]

1. d4 Nf6 2. c4 g6 3. Nc3 Bg7 4. e4 d6 5. Be2 O-O 6. Nf3 e5 7. Be3 c6 8. d5 Ng4
9. Bg5 f6 10. Bh4 c5 11. O-O Na6 12. Ne1 Nh6 13. Nd3 g5 14. Bg3 f5 15. exf5 Bxf5
16. Bf3 g4 17. Be4 Qg5 18. Qe2 Bxe4 19. Qxe4 Nf5 20. Nb5 Rae8 21. f3 gxf3 22.
Rxf3 Nd4 23. Rxf8+ Bxf8 24. Bh4 Qg6 25. Nc3 Nf5 26. Bf2 Be7 27. Rf1 1/2-1/2

[Event "34th Zalakaros Open 2015"]
[Site "Zalakaros HUN"]
[Date "2015.05.18"]
[Round "5.5"]
[White "Szabo, Gergely-Andras-Gyula"]
[Black "Bluebaum, Matthias"]
[Result "1/2-1/2"]
[WhiteTitle "GM"]
[BlackTitle "IM"]
[WhiteElo "2548"]
[BlackElo "2594"]
[WhiteFideId "1205064"]
[BlackFideId "24651516"]
[EventDate "2015.05.14"]
[EventType "swiss"]

1. d4 d5 2. c4 e6 3. Nf3 Nf6 4. g3 Bb4+ 5. Bd2 Bd6 6. Bg2 c6 7. O-O Nbd7 8. Qc2
O-O 9. Bg5 h6 10. Bxf6 Nxf6 11. Nbd2 b6 12. e4 Be7 13. e5 Nd7 14. cxd5 cxd5 15.
Rfc1 Bb7 16. Qc7 1/2-1/2

[Event "34th Zalakaros Open 2015"]
[Site "Zalakaros HUN"]
[Date "2015.05.18"]
[Round "5.6"]
[White "Deac, Bogdan-Daniel"]
[Black "Prohaszka, Peter2"]
[Result "1/2-1/2"]
[WhiteTitle "IM"]
[BlackTitle "GM"]
[WhiteElo "2437"]
[BlackElo "2582"]
[WhiteFideId "1226380"]
[BlackFideId "726265"]
[EventDate "2015.05.14"]
[EventType "swiss"]

1. c4 e6 2. Nf3 d5 3. d4 Nf6 4. Nc3 Be7 5. Bf4 O-O 6. e3 a6 7. h3 c5 8. dxc5 Nc6
9. cxd5 exd5 10. Bd3 Bxc5 11. O-O Re8 12. Rc1 Ba7 13. Bg5 Be6 14. Ne2 h6 15.
Bxf6 Qxf6 16. Bxa6 Bc8 17. Bb5 Bxh3 18. Nf4 Bg4 19. Nxd5 Qd6 20. Nf4 Qf6 21. Nd5
Qd6 22. Nf4 Qf6 1/2-1/2

[Event "34th Zalakaros Open 2015"]
[Site "Zalakaros HUN"]
[Date "2015.05.18"]
[Round "5.7"]
[White "Ruck, Robert"]
[Black "Diermair, Andreas"]
[Result "1/2-1/2"]
[WhiteTitle "GM"]
[BlackTitle "IM"]
[WhiteElo "2562"]
[BlackElo "2488"]
[WhiteFideId "705713"]
[BlackFideId "1612468"]
[EventDate "2015.05.14"]
[EventType "swiss"]

1. c4 c6 2. d4 d5 3. Nf3 Nf6 4. Nc3 e6 5. Bg5 h6 6. Bxf6 Qxf6 7. g3 Nd7 8. Bg2
dxc4 9. O-O Be7 10. Qc2 O-O 11. Rfd1 Rd8 12. a4 e5 13. d5 Nc5 14. dxc6 bxc6 15.
Rxd8+ Bxd8 16. Nd2 Qe6 17. Nce4 Nxe4 18. Qxe4 Rb8 19. Nxc4 Rb4 20. Qd3 Bf6 21.
b3 e4 22. Bxe4 Rxb3 23. Qxb3 Bxa1 24. Qd3 g6 25. Nd6 Bd7 26. Nb7 Qe7 27. Nc5 Bh3
28. Nb3 Qb4 29. Qb1 Bb2 30. Bc2 Qc3 31. e3 Qc4 32. Nd2 Qd5 33. Ne4 Be5 34. Bb3
Qd7 35. Nc5 Qd6 36. Qd3 Qxd3 37. Nxd3 Bd6 38. f3 Bc8 39. Kf2 Kf8 40. e4 Ke7 41.
Bc4 Bc7 42. Ke2 h5 43. f4 f6 44. e5 Bg4+ 45. Kf1 Bd1 46. exf6+ Kxf6 47. Nb2 Bg4
48. Nd3 g5 49. fxg5+ Kxg5 50. Nb4 Bf3 51. Kf2 Be4 52. Bd3 Bb6+ 53. Ke2 Bg2 54.
Ba6 c5 55. Nd3 Bd5 56. a5 Bxa5 57. Nxc5 Bb6 58. Nd3 Be4 59. Nf2 Bf5 60. Kf3 Bd4 1/2-1/2

[Event "34th Zalakaros Open 2015"]
[Site "Zalakaros HUN"]
[Date "2015.05.18"]
[Round "5.8"]
[White "Kovalenko, Igor"]
[Black "Havasi, Gergo"]
[Result "1-0"]
[WhiteTitle "GM"]
[WhiteElo "2650"]
[BlackElo "2319"]
[WhiteFideId "14117908"]
[BlackFideId "760293"]
[EventDate "2015.05.14"]
[EventType "swiss"]

1. d4 d5 2. Nf3 Nf6 3. c4 c6 4. Nc3 dxc4 5. a4 Bf5 6. e3 e6 7. Bxc4 Bb4 8. O-O
Nbd7 9. Qe2 Bg6 10. e4 O-O 11. Bd3 Bh5 12. e5 Nd5 13. Nxd5 cxd5 14. Qe3 Re8 15.
Ng5 Bg6 16. f4 Nf8 17. g4 f6 18. Nf3 Bxd3 19. Qxd3 Nd7 20. Be3 Qb6 21. h4 Rf8
22. Qb5 Rad8 23. Rac1 a6 24. Qxb6 Nxb6 25. b3 f5 26. gxf5 exf5 27. Rc7 Rf7 28.
Rfc1 Rxc7 29. Rxc7 Rd7 30. Rc2 Rd8 31. Rc7 Rd7 32. Rc1 Rd8 33. h5 g6 34. hxg6
hxg6 35. Rc7 Rd7 36. Rc2 Rd8 37. Rc7 Rd7 38. Rc1 Rd8 39. Rc7 Rd7 40. Rc2 Rd8 41.
Rg2 Kf7 42. Ng5+ Ke7 43. Rh2 Nd7 44. Rh7+ Ke8 45. Rg7 Rc8 46. Rxg6 Rc3 47. Bd2
Rxb3 48. Bxb4 Rxb4 49. Rg8+ Ke7 50. Rg7+ Ke8 51. Ne6 Rc4 52. a5 Rc6 53. Ng5 b6
54. axb6 Rxb6 55. Kf2 a5 56. Rg8+ Ke7 57. Ra8 Rb4 58. Ra7 Ke8 59. Ne6 a4 60.
Ng7+ Kd8 61. Nxf5 Nb8 62. e6 Nc6 63. e7+ Nxe7 64. Nxe7 Rb2+ 65. Kf3 a3 66. Nxd5
a2 67. f5 Rb5 68. Ke4 Rb7 69. Rxa2 1-0

[Event "34th Zalakaros Open 2015"]
[Site "Zalakaros HUN"]
[Date "2015.05.18"]
[Round "5.9"]
[White "Gledura, Benjamin"]
[Black "Melkumyan, Hrant"]
[Result "1/2-1/2"]
[WhiteTitle "IM"]
[BlackTitle "GM"]
[WhiteElo "2478"]
[BlackElo "2654"]
[WhiteFideId "712779"]
[BlackFideId "13302485"]
[EventDate "2015.05.14"]
[EventType "swiss"]

1. e4 e5 2. Nf3 Nc6 3. Nc3 Nf6 4. d4 exd4 5. Nxd4 Bb4 6. Nxc6 bxc6 7. Bd3 O-O 8.
O-O Re8 9. Bg5 Rb8 10. f4 h6 11. Bh4 Be7 12. Rb1 d5 13. e5 Nd7 14. Bf2 Bc5 15.
Qd2 Qe7 16. Rfe1 Bxf2+ 17. Qxf2 a5 18. Ne2 Nc5 19. Nd4 Nxd3 20. cxd3 Rb6 21.
Rbc1 Qb4 22. Rxc6 Rxc6 23. Nxc6 Qb5 24. Rc1 Qxd3 25. Qd4 Qe2 26. Nxa5 Bf5 27.
Qf2 Qa6 28. b4 Re6 29. Nb3 Rg6 30. Rxc7 Qd3 31. Rc1 h5 32. Qd2 Qe4 33. Rf1 Bh3
34. Rf2 h4 35. Nc5 Qb1+ 36. Rf1 Qf5 37. Rf2 Qb1+ 38. Rf1 Qf5 39. Rf2 Qb1+ 40.
Rf1 Qf5 1/2-1/2

[Event "34th Zalakaros Open 2015"]
[Site "Zalakaros HUN"]
[Date "2015.05.18"]
[Round "5.10"]
[White "Banusz, Tamas"]
[Black "Sadzikowski, Daniel"]
[Result "1/2-1/2"]
[WhiteTitle "GM"]
[BlackTitle "IM"]
[WhiteElo "2590"]
[BlackElo "2494"]
[WhiteFideId "722413"]
[BlackFideId "1132253"]
[EventDate "2015.05.14"]
[EventType "swiss"]

1. Nf3 Nf6 2. c4 c5 3. Nc3 d5 4. cxd5 Nxd5 5. d4 Nxc3 6. bxc3 g6 7. e3 Bg7 8.
Bb5+ Nd7 9. O-O O-O 10. a4 a6 11. Bd3 b6 12. Rb1 Bb7 13. e4 Qc7 14. Re1 e6 15.
Bg5 Rfe8 16. Qd2 Bc6 17. Bc2 cxd4 18. cxd4 b5 19. d5 Bb7 20. Bf4 Qc8 21. dxe6
Rxe6 22. Bb3 Bc3 23. Qd3 Bxe1 24. Bxe6 Bxf2+ 25. Kxf2 fxe6 26. Rc1 Nc5 27. Qd4
Nxe4+ 28. Ke2 Qd8 29. Qe5 Bd5 30. Rc7 Qf6 31. Bh6 Qxe5 32. Nxe5 bxa4 33. Rg7+
Kf8 34. Rxh7+ Ke8 35. Bc1 Kd8 36. Nxg6 Rc8 37. Rh8+ Kd7 38. Ne5+ Kc7 39. Rxc8+
Kxc8 40. h4 Ng3+ 41. Kf2 Ne4+ 42. Ke3 Ng3 43. Kf2 Ne4+ 44. Kg1 Ng3 45. Kh2 Ne2
46. Bb2 Kc7 47. g4 Kd6 48. g5 a3 49. Ba1 Be4 50. g6 Nf4 51. g7 Bh7 52. Kg3 Nh5+
53. Kf3 Nxg7 54. Nf7+ Ke7 55. Ng5 Nf5 56. Nxh7 Nxh4+ 57. Ke4 1/2-1/2

[Event "34th Zalakaros Open 2015"]
[Site "Zalakaros HUN"]
[Date "2015.05.18"]
[Round "5.11"]
[White "Varga, Zoltan"]
[Black "Burmakin, Vladimir"]
[Result "1/2-1/2"]
[WhiteTitle "GM"]
[BlackTitle "GM"]
[WhiteElo "2473"]
[BlackElo "2585"]
[WhiteFideId "700509"]
[BlackFideId "4105109"]
[EventDate "2015.05.14"]
[EventType "swiss"]

1. e4 c6 2. c4 d5 3. cxd5 cxd5 4. exd5 Nf6 5. Qa4+ Nbd7 6. Nc3 a6 7. Bc4 Rb8 8.
Qd1 Nb6 9. Bb3 Nbxd5 10. d4 Bg4 11. Nf3 e6 12. h3 Bxf3 13. Qxf3 Be7 14. O-O O-O
15. Bg5 Qd7 16. Bxf6 Nxf6 17. d5 e5 18. Rad1 Bd6 19. Rfe1 Rbd8 20. Re2 Bb8 21.
g4 h6 22. d6 Bxd6 23. Red2 Qe7 24. h4 e4 25. Qf5 e3 26. Re2 Qe5 27. Qxe5 Bxe5
28. g5 hxg5 29. hxg5 Bxc3 30. Rxd8 Rxd8 31. bxc3 Ne4 32. Rxe3 Nxg5 33. f4 Ne6
34. Bxe6 fxe6 35. Rxe6 Rc8 36. Rb6 Rxc3 37. Rxb7 Rc2 38. a3 Rc3 39. Kg2 Rxa3 40.
f5 a5 41. Ra7 a4 42. Kh2 Ra2+ 43. Kg3 a3 44. Kh3 Kf8 45. Kg3 Ra1 46. Kg2 a2 47.
Kh2 Ke8 48. Kg2 Kd8 49. Kh2 Kc8 50. Kg2 Kb8 51. Ra3 Kc7 52. Ra8 Kb6 53. Ra3 Kc5
54. Ra7 Kd4 55. Ra3 Ke4 56. Ra5 Kf4 57. Kh2 Ke3 58. Kg2 Ke4 1/2-1/2

[Event "34th Zalakaros Open 2015"]
[Site "Zalakaros HUN"]
[Date "2015.05.18"]
[Round "5.12"]
[White "Kovchan, Alexander"]
[Black "Smith, Bryan G"]
[Result "0-1"]
[WhiteTitle "GM"]
[BlackTitle "GM"]
[WhiteElo "2585"]
[BlackElo "2467"]
[WhiteFideId "14103052"]
[BlackFideId "2017083"]
[EventDate "2015.05.14"]
[EventType "swiss"]

1. e4 c5 2. Nf3 d6 3. d4 cxd4 4. Nxd4 Nf6 5. Nc3 Nc6 6. g3 g6 7. Bg2 Nxd4 8.
Qxd4 Bg7 9. e5 Ng4 10. f4 Nh6 11. O-O O-O 12. Re1 Nf5 13. Qf2 dxe5 14. fxe5 Qd4
15. Bf4 g5 16. Bxg5 Bxe5 17. Rad1 Qxf2+ 18. Kxf2 f6 19. Bf4 Bxc3 20. bxc3 e5 21.
Bc1 Be6 22. Bxb7 Rab8 23. Be4 Rfc8 24. g4 Ne7 25. Re3 Rb1 26. Rh3 Ng6 27. Bf5
Bxf5 28. gxf5 Ne7 29. Ke2 e4 30. Re3 Rc4 31. Rh3 Nxf5 32. Rg1+ Kf7 33. Rxh7+ Ke6
34. Rh3 Nd4+ 35. Kd1 Nf3 36. Rg4 Ne5 37. Rg8 Ra4 38. Re8+ Kf5 39. Rh5+ Kg6 40.
Rh6+ Kf7 41. Rhh8 e3 42. Rhf8+ Kg6 43. Rg8+ Kf5 44. Rg1 Rxa2 45. Rf1+ Kg6 46.
Rg8+ Kf7 47. Rgg1 Ke6 48. Ke2 Rxc2+ 49. Kxe3 Rxc3+ 50. Kd2 Rbb3 51. Kd1 a5 52.
Bd2 Rb1+ 53. Ke2 Rb2 54. Rb1 Rcc2 55. Rxb2 Rxb2 56. Rc1 Kd5 57. Kd1 Nc4 58. Bc3
Rxh2 59. Bxf6 Ne3+ 60. Ke1 Ke4 61. Bg5 Nc2+ 62. Kf1 Kf3 63. Kg1 Rg2+ 64. Kh1
Rxg5 65. Rxc2 a4 66. Ra2 Rg4 67. Rd2 Ke3 68. Rd8 Rd4 69. Ra8 Kd3 70. Kg2 Kc3 71.
Kf3 Kb3 72. Ke3 Rb4 73. Kd2 a3 74. Rc8 a2 75. Rc3+ Kb2 76. Rc2+ Ka3 77. Rc3+ Rb3
78. Rc1 Rb1 79. Rc3+ Kb4 80. Kc2 Rc1+ 81. Kb2 a1=Q# 0-1

[Event "34th Zalakaros Open 2015"]
[Site "Zalakaros HUN"]
[Date "2015.05.18"]
[Round "5.13"]
[White "Wagner, Dennis"]
[Black "Czebe, Attila"]
[Result "1-0"]
[WhiteTitle "IM"]
[BlackTitle "GM"]
[WhiteElo "2572"]
[BlackElo "2474"]
[WhiteFideId "24650684"]
[BlackFideId "705268"]
[EventDate "2015.05.14"]
[EventType "swiss"]

1. d4 Nf6 2. c4 c5 3. d5 e5 4. Nc3 d6 5. e4 Nbd7 6. Bd3 Be7 7. Nge2 Nf8 8. Ng3
Ng6 9. Nf5 O-O 10. Qf3 Re8 11. O-O h6 12. g3 Nh7 13. h4 Bf6 14. Nb5 Bxf5 15.
exf5 e4 16. Bxe4 Ne5 17. Qe2 a6 18. Nc3 Nd7 19. Qc2 Bxc3 20. bxc3 b5 21. Bd3
Nhf6 22. cxb5 Nxd5 23. bxa6 N5f6 24. Bb5 Re7 25. Bf4 Ne5 26. Bxe5 Rxe5 27. Rfe1
Qe7 28. Rxe5 Qxe5 29. Qd3 d5 30. Rd1 Ra7 31. a4 Ra8 32. Qe3 Qc7 33. Re1 Ra7 34.
Qe5 Qd8 35. c4 1-0